LIBRARY & INFORMATION CENTRE, KCAET, TAVANUR

ONLINE PUBLIC ACCESS CATALOGUE (OPAC)

Ground water and wells / (Record no. 10086)

MARC details
000 -LEADER
fixed length control field 00470cam a2200181ua 4500
020 ## - INTERNATIONAL STANDARD BOOK NUMBER
ISBN 0 9616456 0 1
041 ## - LANGUAGE CODE
Language code of text/sound track or separate title eng
082 ## - DEWEY DECIMAL CLASSIFICATION NUMBER
Classification number 551.498
Item number DRI/GR
100 ## - MAIN ENTRY--AUTHOR NAME
Personal name Driscoll, Fletcher G .
245 ## - TITLE STATEMENT
Title Ground water and wells /
250 ## - EDITION STATEMENT
Edition statement 2 /
260 ## - PUBLICATION, DISTRIBUTION, ETC. (IMPRINT)
Place of publication Ninnesta :
Name of publisher Johnson division st. Paul ,
Year of publication 1987.
300 ## - PHYSICAL DESCRIPTION
Number of Pages 1089 ; .
500 ## - GENERAL NOTE
General note **Reference
942 ## - ADDED ENTRY ELEMENTS (KOHA)
Koha item type Books
Holdings
Withdrawn status Lost status Damaged status Home library Current library Date acquired Full call number Accession Number Koha item type
      KAUAET KAUAET 07/04/2012 551.498 16899 Reference
free website counter